000 00573nam a22001937a 4500
003 OSt
005 20260506083612.0
008 260506b |||||||| |||| 00| 0 eng d
020 _a978-1-74252-170-1
040 _aDWCL Main Lib.
_cOC
082 _aGR 363.37 F523 2011
110 _aDiscovery Education
245 _aFire from below /
_cDiscovery Education
260 _aAustralia :
_bDiscovery Communications,
_cc2011.
300 _a32 pages :
_bcolored illustrations ;
_c22 cm.
504 _aIncludes glossary and index
650 _a1. Fire.
942 _2ddc
_cGR
_n0
999 _c10299
_d10299